| 000 | 00460nam a2200181Ia 4500 | ||
|---|---|---|---|
| 001 | 2593 | ||
| 005 | 20260306144818.0 | ||
| 008 | 260306t1992||||xx |||||||||||||| ||spa|| | ||
| 041 | _aESP | ||
| 082 |
_a616.891706 _bE56 |
||
| 100 |
_aEncuentro Interdisciplinario Psicoanálisis y Educación _eAUT |
||
| 245 | 0 | _aPsicoanálisis y educación | |
| 260 | _c1992 | ||
| 300 |
_a470 páginas : _ccm. |
||
| 650 | _aGEN | ||
| 654 | _aCPS | ||
| 942 |
_cLIB _dJUS _fJUS _2ddc _n |
||
| 999 |
_c2593 _d2593 |
||